Statistiques concernant Culture Générale - Série 2440

Cliquez ici pour prendre le quiz!

Statistiques générales

  • Ce quiz a été pris 110 fois
  • Le résultat moyen est 5 sur 10

Statistiques - réponses

QuestionRéponse% Correct
De quel pays Kuala Lumpur est-elle la capitale ? voir drapeauMalaisie
91%
Quel instrument de musique est un djembé ?tambour
87%
Nom masculin et adjectif. (mot anglais signifiant mince). Pantalon très moulant (jean Stretch, par exemple) qui amincit la silhouette.slim
77%
Dans quel sport s'est illustrée l'espagnole Arantxa Sanchez ?tennis
65%
Dans quel pays se trouve la ville de Tamanrasset ?Algérie
45%
Quelle pierre fine est également un film de Marcel Pagnol ?Topaze
44%
Péjoratif. Se dit d'un homme physiquement beau mais fat et niais - 8 lettres commençant par " b "bellâtre
34%
Surface d'une seule couleur dans un tableau, une gravure - 5 lettres commençant par " a "aplat
20%
Mot familier et vieilli désignant une jeune apprentie (surtout modiste, couturière)arpète
11%
Drain constitué d'une mèche en coton ou d'un faisceau de crins que l'on insère sous la peau, de façon à ce que les deux extrémités en sortent par deux orifices différents, afin d'évacuer les sécrétions sanglantes ou purulentes d'une plaie profonde.séton
4%

Distribution des résultats

Percentile par nombre de réponses

% des personnes avec chaque résultat

Votre développement - résultats

Vous n’avez pas pris ce quiz